| 000 | 00689nam a2200205Ia 4500 | ||
|---|---|---|---|
| 003 | GCL | ||
| 008 | 140319s9999 xx 000 0 ara d | ||
| 020 | _a1841170453 | ||
| 040 |
_aGCL / _cGCL |
||
| 082 | 0 | 4 |
_a391.04 _bا م |
| 100 | 1 | _aالخطيب العدنانى | |
| 245 | 1 | 0 |
_aالملابس والزينة فى الاسلام / _cالخطيب العدنانى |
| 260 |
_aبيروت : _bمؤسسة الانتشار العربى ، _c1999 |
||
| 300 |
_aص408 ؛ _c24 سم |
||
| 650 | 0 | 4 | _aالعادات والتقاليد |
| 650 | 0 | 4 | _aارتداء الملابس |
| 650 | 0 | 4 | _aالازياء الاسلامية |
| 650 | 0 | 4 | _aالملابس فى الاسلام |
| 942 |
_2ddc _cBK |
||
| 999 |
_c6427 _d6427 |
||